Françoise Douaire-Marsaudon, Les Premiers fruits. Parenté, identité sexuelle et pouvoirs, en Polynésie occidentale (Tonga, Wallis et Futuna), Paris, CNRS Éditions/Éditions de la Maison des sciences de l’homme, 1998, 338 p., réf., gloss., index, fig., cartes, ill. h. t., (« Chemins de l’ethnologie ») (notice n° 1643172)
[ vue normale ]
| 000 -LEADER | |
|---|---|
| fixed length control field | 00725cam a2200145 4500500 |
| 005 - DATE AND TIME OF LATEST TRANSACTION | |
| control field | 20260201154655.0 |
| 041 ## - LANGUAGE CODE | |
| Language code of text/sound track or separate title | fre |
| 042 ## - AUTHENTICATION CODE | |
| Authentication code | dc |
| 100 10 - MAIN ENTRY--PERSONAL NAME | |
| Personal name | Naepels, Michel |
| Relator term | author |
| 245 00 - TITLE STATEMENT | |
| Title | Françoise Douaire-Marsaudon, Les Premiers fruits. Parenté, identité sexuelle et pouvoirs, en Polynésie occidentale (Tonga, Wallis et Futuna), Paris, CNRS Éditions/Éditions de la Maison des sciences de l’homme, 1998, 338 p., réf., gloss., index, fig., cartes, ill. h. t., (« Chemins de l’ethnologie ») |
| 260 ## - PUBLICATION, DISTRIBUTION, ETC. | |
| Date of publication, distribution, etc. | 2001.<br/> |
| 500 ## - GENERAL NOTE | |
| General note | 66 |
| 786 0# - DATA SOURCE ENTRY | |
| Note | L'Homme | 160 | 4 | 2001-10-01 | p. 193zl-300zl | 0439-4216 |
| 856 41 - ELECTRONIC LOCATION AND ACCESS | |
| Uniform Resource Identifier | <a href="https://shs.cairn.info/revue-l-homme-2001-4-page-193zl?lang=fr&redirect-ssocas=7080">https://shs.cairn.info/revue-l-homme-2001-4-page-193zl?lang=fr&redirect-ssocas=7080</a> |
Pas d'exemplaire disponible.




Réseaux sociaux